Gemeinden von Niederösterreich nach ersten 2 Buchstaben - Statistiken

Allgemein
  • Dieses Quiz wurde 284 mal gespielt
  • Das Durchschnittsergebnis liegt bei 403 aus 573
Antworten auf der Karte
Die Antworten werden auf der Karte rot bzw. grün angezeigt, abhängig davon wie oft sie richtig erraten wurden.
 
Antwortstatistiken
Einwohner Bezirk Typ Gemeinde % Korrekt
1.895 Neunkirchen G Aspangberg-St. Peter
98%
2.178 Neunkirchen M Grafenbach-St. Valentin
98%
7.845 Tulln M St. Andrä-Wördern
98%
1.299 Horn G St. Bernhard-Frauenhofen
97%
1.654 Melk M St. Martin-Karlsbach
97%
1.228 St. Pölten-Land G Brand-Laaben
96%
1.860 Lilienfeld M St. Aegyd am Neuwalde
96%
1.199 Scheibbs G St. Anton an der Jeßnitz
96%
390 Neunkirchen G St. Corona am Wechsel
96%
1.979 Neunkirchen G St. Egyden am Steinfeld
96%
549 Amstetten G St. Georgen am Reith
96%
2.877 Amstetten M St. Georgen am Ybbsfelde
96%
1.342 Scheibbs G St. Georgen an der Leys
96%
2.989 Melk M St. Leonhard am Forst
96%
1.106 Krems-Land M St. Leonhard am Hornerwald
96%
1.009 St. Pölten-Land G St. Margarethen an der Sierning
96%
1.111 Gmünd M St. Martin
96%
1.122 Melk G St. Oswald
96%
2.617 Amstetten G St. Pantaleon-Erla
96%
5.194 Amstetten M St. Peter in der Au
96%
55.044 St. Pölten S St. Pölten
96%
9.314 Amstetten S St. Valentin
96%
3.914 Lilienfeld M St. Veit an der Gölsen
96%
3.426 Wiener Neustadt-Land M Bad Fischau-Brunn
95%
2.005 Bruck an der Leitha G Haslau-Maria Ellend
95%
2.249 Tulln M Judenau-Baumgarten
95%
2.081 St. Pölten-Land M Markersdorf-Haindorf
95%
2.069 Wiener Neustadt-Land G Matzendorf-Hölles
95%
2.799 Gänserndorf M Matzen-Raggendorf
95%
1.651 Tulln G Muckendorf-Wipfing
95%
1.642 Melk G Münichreith-Laimbach
95%
1.873 Wiener Neustadt-Land M Winzendorf-Muthmannsdorf
95%
4.544 Wiener Neustadt-Land M Wöllersdorf-Steinabrückl
94%
1.228 Melk G Zelking-Matzleinsdorf
94%
1.772 Bruck an der Leitha M Bad Deutsch-Altenburg
93%
25.906 Baden S Baden
93%
3.108 Wiener Neustadt-Land M Bad Erlach
93%
1.318 Gmünd M Bad Großpertholz
93%
1.669 Gänserndorf M Bad Pirawarth
93%
730 Wiener Neustadt-Land G Bad Schönau
93%
1.020 Zwettl M Bad Traunstein
93%
12.062 Baden S Bad Vöslau
93%
355 Zwettl G Bärnkopf
93%
1.981 Krems-Land M Hadersdorf-Kammern
93%
2.186 Amstetten M Wallsee-Sindelburg
93%
2.674 St. Pölten-Land M Hofstetten-Grünau
91%
1.180 Melk M Artstetten-Pöbring
90%
1.309 Hollabrunn M Hohenwarth-Mühlbach am Manhartsberg
90%
1.475 Zwettl M Kottes-Purk
90%
557 Hollabrunn M Mailberg
90%
1.937 Hollabrunn S Maissau
90%
3.238 Melk S Mank
90%
4.132 Bruck an der Leitha S Mannersdorf am Leithagebirge
90%
348 Gänserndorf G Mannsdorf an der Donau
90%
1.728 Melk M Marbach an der Donau
90%
2.991 Gänserndorf S Marchegg
90%
3.042 St. Pölten-Land M Maria-Anzbach
90%
8.675 Mödling M Maria Enzersdorf
90%
913 Krems-Land M Maria Laach am Jauerling
90%
2.184 Bruck an der Leitha G Maria-Lanzendorf
90%
900 Melk M Maria Taferl
90%
893 Gänserndorf G Markgrafneusiedl
90%
3.026 Wiener Neustadt-Land M Markt Piesting
90%
1.094 Zwettl M Martinsberg
90%
3.663 St. Pölten-Land M Mauerbach
90%
3.542 Krems-Land S Mautern an der Donau
90%
2.177 Melk M Persenbeug-Gottsdorf
90%
846 Horn G Rosenburg-Mold
90%
1.950 Gänserndorf M Schönkirchen-Reyersdorf
90%
2.185 Tulln G Sitzenberg-Reidling
89%
1.526 Gmünd M Brand-Nagelberg
88%
1.653 Mödling G Gaaden
88%
4.983 St. Pölten-Land M Gablitz
88%
3.059 Scheibbs M Gaming
88%
11.577 Gänserndorf S Gänserndorf
88%
3.532 Horn M Gars am Kamp
88%
1.206 Waidhofen an der Thaya M Gastern
88%
885 Mistelbach G Gaubitsch
88%
3.963 Mistelbach G Gaweinstal
88%
1.692 Baden G Klausen-Leopoldsdorf
88%
941 Hollabrunn M Seefeld-Kadolz
88%
762 Horn M Straning-Grafenberg
88%
4.183 Baden M Enzesfeld-Lindabrunn
87%
1.635 Wiener Neustadt-Land M Hochneukirchen-Gschaidt
86%
6.244 Mistelbach S Laa an der Thaya
86%
1.124 Mödling G Laab im Walde
86%
2.280 Mistelbach M Ladendorf
86%
664 Horn M Langau
86%
7.607 Krems-Land S Langenlois
86%
2.377 Tulln M Langenrohr
86%
8.106 Korneuburg M Langenzersdorf
86%
1.755 Zwettl M Langschlag
86%
1.915 Bruck an der Leitha G Lanzendorf
86%
3.995 Wiener Neustadt-Land M Lanzenkirchen
86%
2.848 Gänserndorf M Lassee
86%
2.869 Mödling M Laxenburg
86%
5.569 Amstetten S Haag
85%
1.707 Hollabrunn M Hadres
85%
1.662 St. Pölten-Land M Hafnerbach
85%
2.220 Korneuburg M Hagenbrunn
85%
3.664 Amstetten G Haidershofen
85%
6.725 Bruck an der Leitha S Hainburg an der Donau
85%
3.787 Lilienfeld S Hainfeld
85%
1.304 Hollabrunn S Hardegg
85%
1.172 Gänserndorf G Haringsee
85%
4.018 Korneuburg M Harmannsdorf
85%
485 Gmünd G Haugschlag
85%
1.567 Hollabrunn M Haugsdorf
85%
1.204 St. Pölten-Land G Haunoldstein
85%
857 Mistelbach M Hausbrunn
85%
1.256 Gänserndorf G Hauskirchen
85%
3.747 Korneuburg M Hausleiten
85%
9.433 Mödling M Wiener Neudorf
85%
45.277 Wiener Neustadt S Wiener Neustadt
85%
2.852 Mödling G Wienerwald
85%
4.193 Scheibbs S Wieselburg
85%
3.379 Scheibbs G Wieselburg-Land
85%
1.497 Wiener Neustadt-Land M Wiesmath
85%
1.564 Mistelbach G Wildendürnbach
85%
2.161 Mistelbach M Wilfersdorf
85%
6.563 St. Pölten-Land S Wilhelmsburg
85%
976 Neunkirchen G Willendorf
85%
1.645 Neunkirchen M Wimpassing im Schwarzatale
85%
928 Waidhofen an der Thaya M Windigsteig
85%
1.736 Amstetten G Winklarn
85%
1.841 Baden G Blumau-Neurißhof
84%
1.159 Mistelbach G Hochleithen
84%
1.002 Wiener Neustadt-Land G Hochwolkersdorf
84%
1.541 Bruck an der Leitha M Hof am Leithagebirge
84%
1.696 Melk G Hofamt Priel
84%
1.240 Bruck an der Leitha G Höflein
84%
874 Neunkirchen G Höflein an der Hohen Wand
84%
2.729 Gänserndorf M Hohenau an der March
84%
1.519 Lilienfeld M Hohenberg
84%
1.415 Gmünd M Hoheneich
84%
910 Gänserndorf M Hohenruppersdorf
84%
1.410 Wiener Neustadt-Land G Hohe Wand
84%
11.798 Hollabrunn S Hollabrunn
84%
1.703 Amstetten G Hollenstein an der Ybbs
84%
997 Wiener Neustadt-Land G Hollenthon
84%
6.458 Horn S Horn
84%
1.721 Neunkirchen M Natschbach-Loipersbach
84%
5.459 Waidhofen an der Thaya S Waidhofen an der Thaya
84%
1.254 Waidhofen an der Thaya G Waidhofen an der Thaya-Land
84%
11.261 Waidhofen an der Ybbs S Waidhofen an der Ybbs
84%
1.506 Wiener Neustadt-Land G Waidmannsfeld
84%
2.062 Wiener Neustadt-Land M Waldegg
84%
1.199 Gmünd G Waldenstein
84%
1.209 Zwettl M Waldhausen
84%
522 Waidhofen an der Thaya M Waldkirchen an der Thaya
84%
1.127 Wiener Neustadt-Land G Walpersbach
84%
1.363 Scheibbs M Wang
84%
1.513 Neunkirchen M Warth
84%
1.634 Neunkirchen M Wartmannstetten
84%
1.335 Tulln M Königsbrunn am Wagram
83%
2.511 Tulln M Königstetten
83%
13.245 Korneuburg S Korneuburg
83%
7.330 Baden M Kottingbrunn
83%
20.570 Mödling S Mödling
83%
598 Neunkirchen M Mönichkirchen
83%
720 Gmünd G Moorbad Harbach
83%
1.808 Bruck an der Leitha G Moosbrunn
83%
1.068 Krems-Land M Rossatz-Arnsdorf
83%
1.935 Mistelbach M Staatz
83%
1.400 St. Pölten-Land G Statzendorf
83%
2.266 Scheibbs M Steinakirchen am Forst
83%
1.035 Korneuburg M Stetteldorf am Wagram
83%
1.361 Korneuburg G Stetten
83%
17.010 Korneuburg S Stockerau
83%
850 St. Pölten-Land G Stössing
83%
10.392 Gänserndorf M Strasshof an der Nordbahn
83%
1.710 Krems-Land M Straß im Straßertale
83%
836 Krems-Land M Stratzing
83%
2.091 Amstetten M Strengberg
83%
1.629 Mistelbach M Stronsdorf
83%
2.309 Tulln G Zeiselmauer-Wolfpassing
83%
1.424 Bruck an der Leitha G Göttlesbrunn-Arbesthal
82%
1.570 St. Pölten-Land G Neustift-Innermanzing
82%
1.341 Gänserndorf M Palterndorf-Dobermannsdorf
82%
968 Melk M Schönbuhel-Aggsbach
82%
3.419 Amstetten G Behamberg
81%
887 Bruck an der Leitha G Berg
81%
1.256 Krems-Land G Bergern im Dunkelsteinerwald
81%
1.933 Melk G Bergland
81%
9.063 Baden S Berndorf
81%
1.585 Mistelbach M Bernhardsthal
81%
3.937 Melk S Pöchlarn
81%
2.445 Melk M Pöggstall
81%
926 Zwettl M Pölla
81%
7.160 Baden M Pottendorf
81%
2.961 Baden M Pottenstein
81%
5.528 Mistelbach S Poysdorf
81%
1.102 Gmünd M Amaliendorf-Aalfang
80%
170 Neunkirchen G Bürg-Vöstenhof
80%
1.472 St. Pölten-Land M Neidling
80%
1.415 Mistelbach M Neudorf im Weinviertel
80%
2.970 Amstetten M Neuhofen an der Ybbs
80%
8.306 St. Pölten-Land S Neulengbach
80%
1.933 Melk M Neumarkt an der Ybbs
80%
12.709 Neunkirchen S Neunkirchen
80%
1.245 Gänserndorf M Neusiedl an der Zaya
80%
2.113 Amstetten M Neustadtl an der Donau
80%
1.248 Bruck an der Leitha M Petronell-Carnuntum
80%
893 St. Pölten-Land M Michelbach
79%
3.270 Tulln M Michelhausen
79%
684 Wiener Neustadt-Land G Miesenbach
79%
11.471 Mistelbach S Mistelbach
79%
481 Lilienfeld G Mitterbach am Erlaufsee
79%
2.802 Baden G Mitterndorf an der Fischa
79%
1.217 Hollabrunn M Nappersdorf-Kammersdorf
79%
2.625 Mistelbach M Ulrichskirchen-Schleinbach
79%
23.727 Amstetten S Amstetten
77%
1.340 Horn M Burgschleinitz-Kühnring
77%
1.418 Horn M Irnfritz-Messern
77%
2.537 Melk M Kilb
77%
3.658 Tulln M Kirchberg am Wagram
77%
1.305 Gmünd M Kirchberg am Walde
77%
2.511 Neunkirchen M Kirchberg am Wechsel
77%
3.221 St. Pölten-Land M Kirchberg an der Pielach
77%
618 Zwettl M Kirchschlag
77%
2.864 Wiener Neustadt-Land S Kirchschlag in der Buckligen Welt
77%
2.183 St. Pölten-Land M Kirchstetten
77%
1.073 Melk G Kirnberg an der Mank
77%
1.361 Melk M Leiben
77%
1.189 Korneuburg G Leitzersdorf
77%
1.403 Krems-Land M Lengenfeld
77%
4.872 Korneuburg M Leobendorf
77%
4.887 Baden M Leobersdorf
77%
5.135 Bruck an der Leitha M Leopoldsdorf
77%
2.899 Gänserndorf M Leopoldsdorf im Marchfelde
77%
2.036 Krems-Land M Lichtenau im Waldviertel
77%
1.043 Wiener Neustadt-Land G Lichtenegg
77%
2.755 Wiener Neustadt-Land M Lichtenwörth
77%
2.761 Lilienfeld S Lilienfeld
77%
2.252 Gmünd S Litschau
77%
997 Gänserndorf G Weiden an der March
77%
2.029 Gänserndorf M Weikendorf
77%
1.061 Wiener Neustadt-Land G Weikersdorf am Steinfelde
77%
1.369 St. Pölten-Land G Weinburg
77%
1.247 Krems-Land G Weinzierl am Walde
77%
1.739 Baden M Weissenbach an der Triesting
77%
1.416 Krems-Land M Weißenkirchen in der Wachau
77%
2.228 Amstetten G Weistrach
77%
1.104 Melk M Weiten
77%
1.581 Horn M Weitersfeld
77%
2.653 Gmünd S Weitra
77%
753 Gänserndorf G Velm-Götzendorf
76%
593 St. Pölten-Land G Loich
75%
3.790 Melk M Loosdorf
75%
872 Horn G Meiseldorf
75%
5.606 Melk S Melk
75%
15.022 Mödling M Perchtoldsdorf
75%
707 Horn M Pernegg
75%
1.030 Hollabrunn M Pernersdorf
75%
2.495 Wiener Neustadt-Land M Pernitz
75%
1.412 St. Pölten-Land G Perschling
75%
1.386 Melk M Petzenkirchen
75%
2.524 Neunkirchen M Reichenau an der Rax
75%
623 Gmünd G Reingers
75%
1.039 Scheibbs G Reinsberg
75%
1.723 Baden M Reisenberg
75%
4.230 Hollabrunn S Retz
75%
991 Hollabrunn G Retzbach
75%
3.942 Gmünd S Heidenreichstein
74%
1.539 Baden G Heiligenkreuz
74%
1.314 Hollabrunn G Heldenberg
74%
1.532 Mödling G Hennersdorf
74%
1.547 Baden M Hernstein
74%
958 Mistelbach M Herrnbaumgarten
74%
7.831 St. Pölten-Land S Herzogenburg
74%
897 Waidhofen an der Thaya M Ludweis-Aigen
74%
1.578 St. Pölten-Land G Inzersdorf-Getzersdorf
73%
3.304 Mödling M Kaltenleutgeben
73%
1.388 St. Pölten-Land M Kapelln
73%
1.470 Waidhofen an der Thaya M Karlstein an der Thaya
73%
2.182 St. Pölten-Land M Karlstetten
73%
1.403 St. Pölten-Land G Kasten bei Böheimkirchen
73%
3.228 Wiener Neustadt-Land G Katzelsdorf
73%
1.044 Lilienfeld M Kaumberg
73%
1.117 Waidhofen an der Thaya M Kautzen
73%
2.319 St. Pölten-Land M Obritzberg-Rust
73%
1.881 Neunkirchen M Scheiblingkirchen-Thernberg
73%
1.004 Gmünd G Unserfrau-Altweitra
73%
2.527 St. Pölten-Land M Wölbling
73%
1.620 Scheibbs G Wolfpassing
73%
2.004 Amstetten M Wolfsbach
73%
1.705 St. Pölten-Land G Wolfsgraben
73%
1.094 Bruck an der Leitha G Wolfsthal
73%
7.258 Mistelbach S Wolkersdorf im Weinviertel
73%
1.663 Hollabrunn M Grabern
71%
3.090 Krems-Land M Grafenegg
71%
870 Zwettl M Grafenschlag
71%
3.195 Tulln M Grafenwörth
71%
3.541 Bruck an der Leitha M Gramatneusiedl
71%
1.948 Scheibbs M Gresten
71%
1.508 Scheibbs G Gresten-Land
71%
1.315 Neunkirchen M Grimmenstein
71%
2.193 Gmünd M Großdietmanns
71%
2.219 Mistelbach M Großebersdorf
71%
1.482 Mistelbach M Großengersdorf
71%
11.427 Gänserndorf S Groß-Enzersdorf
71%
4.475 Zwettl S Groß Gerungs
71%
1.378 Zwettl M Großgöttfritz
71%
1.109 Mistelbach M Großharras
71%
98 Gänserndorf G Großhofen
71%
1.590 Mistelbach M Großkrut
71%
1.599 Korneuburg M Großmugl
71%
920 Tulln G Großriedenthal
71%
2.227 Korneuburg M Großrußbach
71%
1.212 Gmünd M Großschönau
71%
1.272 Gänserndorf M Groß-Schweinbarth
71%
2.735 Waidhofen an der Thaya S Groß-Siegharts
71%
3.197 Tulln M Großweikersdorf
71%
1.568 Neunkirchen M Grünbach am Schneeberg
71%
3.914 Mödling M Gumpoldskirchen
71%
1.724 Baden M Günselsdorf
71%
1.139 Hollabrunn M Guntersdorf
71%
9.171 Mödling M Guntramsdorf
71%
516 Zwettl M Gutenbrunn
71%
1.261 Wiener Neustadt-Land M Gutenstein
71%
2.644 Waidhofen an der Thaya S Raabs an der Thaya
71%
309 Neunkirchen G Raach am Hochgebirge
71%
637 Gänserndorf G Raasdorf
71%
1.107 Mistelbach M Rabensburg
71%
2.565 St. Pölten-Land M Rabenstein an der Pielach
71%
862 Lilienfeld G Ramsau
71%
1.892 Scheibbs M Randegg
71%
1.718 Zwettl M Rappottenstein
71%
1.549 Krems-Land M Rastenfeld
71%
754 Bruck an der Leitha G Rauchenwarth
71%
1.588 Hollabrunn M Ravelsbach
71%
1.052 Melk M Raxendorf
71%
1.243 Gänserndorf M Ringelsdorf-Niederabsdorf
71%
521 Wiener Neustadt-Land G Muggendorf
70%
1.298 Krems-Land M Mühldorf
70%
2.965 Mödling G Münchendorf
70%
165 Gänserndorf G Parbasdorf
70%
2.584 Krems-Land M Paudorf
70%
2.054 Neunkirchen M Payerbach
70%
1.330 Mistelbach M Bockfließ
69%
5.059 St. Pölten-Land M Böheimkirchen
69%
1.582 Neunkirchen G Breitenau
69%
5.873 Mödling M Breitenfurt bei Wien
69%
322 Neunkirchen G Breitenstein
69%
1.215 Wiener Neustadt-Land M Bromberg
69%
8.037 Bruck an der Leitha S Bruck an der Leitha
69%
11.924 Mödling M Brunn am Gebirge
69%
829 Horn G Brunn an der Wild
69%
7.399 Bruck an der Leitha M Himberg
69%
4.003 Mödling M Hinterbrühl
69%
576 Gmünd M Hirschbach
69%
2.646 Baden M Hirtenberg
69%
1.181 Bruck an der Leitha G Scharndorf
69%
4.132 Scheibbs S Scheibbs
69%
994 Melk G Schollach
69%
2.123 Baden G Schönau an der Triesting
69%
783 Zwettl M Schönbach
69%
1.863 Krems-Land M Schönberg am Kamp
69%
689 Neunkirchen M Schottwien
69%
371 Neunkirchen G Schrattenbach
69%
817 Mistelbach G Schrattenberg
69%
871 Hollabrunn S Schrattenthal
69%
5.398 Gmünd S Schrems
69%
2.189 Bruck an der Leitha M Schwadorf
69%
2.016 Neunkirchen G Schwarzau am Steinfeld
69%
646 Neunkirchen M Schwarzau im Gebirge
69%
1.505 Zwettl M Schwarzenau
69%
927 Wiener Neustadt-Land M Schwarzenbach
69%
375 St. Pölten-Land G Schwarzenbach an der Pielach
69%
18.564 Bruck an der Leitha S Schwechat
69%
2.000 Zwettl M Schweiggers
69%
3.025 Tulln M Tulbing
69%
16.144 Tulln S Tulln an der Donau
69%
2.808 St. Pölten-Land S Tullnerbach
69%
1.914 Lilienfeld M Türnitz
69%
2.243 Amstetten G Biberbach
68%
3.116 Mödling M Biedermannsdorf
68%
4.769 Korneuburg M Bisamberg
68%
1.197 Melk M Bischofstetten
68%
2.182 Krems-Land G Gedersdorf
68%
1.332 Horn S Geras
68%
11.294 Korneuburg S Gerasdorf bei Wien
68%
973 St. Pölten-Land G Gerersdorf
68%
3.035 Hollabrunn M Göllersdorf
68%
1.521 Melk M Golling an der Erlauf
68%
1.823 Zwettl M Göpfritz an der Wild
68%
2.052 Scheibbs M Göstling an der Ybbs
68%
2.088 Bruck an der Leitha M Götzendorf an der Leitha
68%
1.450 Neunkirchen G Seebenstein
68%
1.499 Baden M Seibersdorf
68%
3.456 Amstetten M Seitenstetten
68%
536 Neunkirchen G Semmering
68%
1.974 Krems-Land M Senftenberg
68%
343 Neunkirchen G Buchbach
67%
1.779 Scheibbs M Lunz am See
67%
1.287 Zwettl M Sallingberg
67%
733 Hollabrunn G Alberndorf im Pulkautal
66%
1.022 Krems-Land M Albrechtsberg an der Großen Krems
66%
2.536 Baden M Alland
66%
1.808 Zwettl S Allentsteig
66%
2.147 Amstetten M Allhartsberg
66%
828 Horn G Altenburg
66%
331 Neunkirchen G Altendorf
66%
2.103 Baden M Altenmarkt an der Triesting
66%
2.987 St. Pölten-Land M Altlengbach
66%
785 Mistelbach G Altlichtenwarth
66%
849 Zwettl M Altmelon
66%
8.792 Gänserndorf S Deutsch-Wagram
66%
1.600 Bruck an der Leitha M Rohrau
66%
1.546 Lilienfeld G Rohrbach an der Gölsen
66%
526 Horn G Röhrenbach
66%
2.089 Krems-Land G Rohrendorf bei Krems
66%
459 Wiener Neustadt-Land G Rohr im Gebirge
66%
1.044 Horn M Röschitz
66%
5.147 Wiener Neustadt-Land M Sollenau
66%
2.001 Bruck an der Leitha M Sommerein
66%
3.853 Amstetten M Sonntagberg
66%
1.034 Baden M Sooß
66%
1.203 Horn S Drosendorf-Zissersdorf
64%
598 Bruck an der Leitha G Hundsheim
64%
1.818 Melk M Hürm
64%
24.876 Krems an der Donau S Krems an der Donau
64%
1.452 Mistelbach G Kreuttal
64%
1.531 Mistelbach M Kreuzstetten
64%
756 Krems-Land M Krumau am Kamp
64%
2.277 Wiener Neustadt-Land M Krumbach
64%
1.504 Melk M Krummnußbaum
64%
2.706 Neunkirchen M Puchberg am Schneeberg
64%
300 Scheibbs G Puchenstuben
64%
1.548 Hollabrunn S Pulkau
64%
5.350 Scheibbs M Purgstall an der Erlauf
64%
9.713 St. Pölten-Land S Purkersdorf
64%
7.542 Tulln M Sieghartskirchen
64%
3.962 Korneuburg M Sierndorf
64%
1.628 Horn M Sigmundsherberg
64%
2.151 Hollabrunn M Sitzendorf an der Schmida
64%
1.807 Baden M Teesdorf
64%
14.606 Neunkirchen S Ternitz
64%
1.661 Melk G Texingtal
64%
3.811 Amstetten M Aschbach-Markt
62%
1.783 Neunkirchen M Aspang-Markt
62%
1.870 Mistelbach M Asparn an der Zaya
62%
2.212 St. Pölten-Land M Asperhofen
62%
5.646 Bruck an der Leitha S Fischamend
62%
141 Gänserndorf G Andlersdorf
60%
3.366 Gänserndorf M Angern an der March
60%
508 Lilienfeld G Annaberg
60%
2.634 Amstetten M Kematen an der Ybbs
60%
1.606 Waidhofen an der Thaya M Dobersberg
59%
579 Melk G Dorfstetten
59%
1.438 Baden G Tattendorf
59%
475 Mistelbach M Falkenstein
58%
821 Mistelbach G Fallbach
58%
915 Bruck an der Leitha G Klein-Neusiedl
58%
1.019 Melk M Klein-Pöchlarn
58%
868 Lilienfeld G Kleinzell
58%
27.368 Tulln S Klosterneuburg
58%
1.057 Melk M Nöchling
58%
1.772 St. Pölten-Land M Nußdorf ob der Traisen
58%
2.410 Melk M Dunkelsteinerwald
57%
2.228 Gänserndorf M Dürnkrut
57%
848 Krems-Land S Dürnstein
57%
1.051 Neunkirchen G Feistritz am Wechsel
57%
4.349 Wiener Neustadt-Land M Felixdorf
57%
2.332 Tulln M Fels am Wagram
57%
1.799 Amstetten M Ferschnitz
57%
1.147 Mistelbach M Pillichsdorf
56%
2.807 Neunkirchen M Pitten
56%
1.540 Korneuburg M Niederhollabrunn
55%
877 Mistelbach G Niederleis
55%
2.299 Melk M Ruprechtshofen
55%
1.434 Korneuburg G Rußbach
55%
7.205 Mödling M Vösendorf
55%
3.403 Hollabrunn M Ziersdorf
55%
2.025 Wiener Neustadt-Land M Zillingdorf
55%
5.393 Gänserndorf S Zistersdorf
55%
1.623 Zwettl M Arbesbach
54%
3.540 Amstetten M Ardagger
54%
1.052 Waidhofen an der Thaya M Dietmanns
54%
3.416 Lilienfeld M Traisen
54%
18.937 Baden S Traiskirchen
54%
6.204 St. Pölten-Land S Traismauer
54%
539 Neunkirchen G Trattenbach
54%
2.922 Bruck an der Leitha M Trautmannsdorf an der Leitha
54%
3.712 Baden M Trumau
54%
1.198 Gänserndorf M Sulz im Weinviertel
53%
2.376 Hollabrunn M Wullersdorf
53%
1.585 Neunkirchen G Würflach
53%
1.435 Tulln M Würmla
53%
867 Baden G Furth an der Triesting
52%
2.959 Krems-Land M Furth bei Göttweig
52%
2.363 Mödling G Gießhübl
52%
1.227 Krems-Land G Jaidhof
51%
723 Horn M Japons
51%
2.104 Tulln M Absdorf
50%
1.606 Bruck an der Leitha M Prellenkirchen
49%
7.770 St. Pölten-Land S Pressbaum
49%
427 Neunkirchen G Prigglitz
49%
1.596 St. Pölten-Land M Prinzersdorf
49%
1.436 Gänserndorf M Prottes
49%
4.076 Tulln M Zwentendorf an der Donau
49%
10.885 Zwettl S Zwettl
49%
1.748 Bruck an der Leitha G Zwölfaxing
49%
2.076 Gänserndorf M Engelhartstetten
48%
3.001 Amstetten G Ennsdorf
48%
1.956 Neunkirchen G Enzenreith
48%
3.239 Bruck an der Leitha M Enzersdorf an der Fischa
48%
1.733 Korneuburg M Enzersfeld im Weinviertel
48%
938 Bruck an der Leitha M Au am Leithagebirge
47%
1.958 Gänserndorf M Auersthal
47%
1.894 Amstetten M Zeillern
47%
2.449 Hollabrunn M Zellerndorf
47%
1.100 Melk M Erlauf
45%
3.204 Korneuburg M Ernstbrunn
45%
2.240 Amstetten G Ernsthofen
45%
1.260 Amstetten G Ertl
45%
1.084 Gänserndorf M Jedenspeigen
44%
1.397 Neunkirchen G Zöbern
42%
205 Gänserndorf G Aderklaa
40%
1.370 Amstetten G Viehdorf
39%
2.639 Waidhofen an der Thaya M Vitis
39%
1.430 Mödling G Achau
38%
3.179 Wiener Neustadt-Land S Ebenfurth
38%
911 Gänserndorf M Ebenthal
38%
3.934 Bruck an der Leitha G Ebergassing
38%
11.084 Baden S Ebreichsdorf
38%
1.956 St. Pölten-Land M Frankenfels
38%
3.043 Tulln M Atzenbrugg
37%
643 Krems-Land M Aggsbach
36%
4.567 St. Pölten-Land M Ober-Grafendorf
36%
2.982 Scheibbs M Oberndorf an der Melk
36%
1.703 Gänserndorf M Obersiebenbrunn
36%
4.682 Baden M Oberwaltersdorf
36%
1.247 Lilienfeld G Eschenau
34%
1.113 Mistelbach G Drasenhofen
33%
1.112 Gänserndorf M Drösing
33%
1.018 Krems-Land G Droß
33%
3.498 Horn S Eggenburg
33%
4.863 Wiener Neustadt-Land G Eggendorf
33%
690 Gmünd M Eggern
33%
4.644 St. Pölten-Land M Eichgraben
33%
679 Gmünd M Eisgarn
33%
1.009 Gänserndorf M Spannberg
33%
2.324 Korneuburg M Spillern
33%
1.582 Krems-Land M Spitz
33%
1.760 Gänserndorf G Untersiebenbrunn
33%
548 Mistelbach G Unterstinkenbrunn
33%
1.766 Melk M Emmersdorf an der Donau
32%
301 Gänserndorf G Glinzendorf
31%
5.944 Neunkirchen S Gloggnitz
31%
2.674 Amstetten M Euratsfeld
27%
5.637 Melk S Ybbs an der Donau
27%
3.411 Amstetten M Ybbsitz
27%
2.111 Gänserndorf M Orth an der Donau
24%
1.258 Zwettl M Echsenbach
23%
1.262 Gänserndorf M Eckartsau
23%
5.370 Gmünd S Gmünd
23%
909 Neunkirchen M Edlitz
22%
992 Zwettl M Ottenschlag
22%
541 Mistelbach G Ottenthal
22%
584 Neunkirchen G Otterthal
22%
1.386 Waidhofen an der Thaya M Thaya
22%
3.631 Wiener Neustadt-Land M Theresienfeld
22%
1.267 Neunkirchen G Thomasberg
22%
2.735 Melk M Blindenmarkt
21%
912 Amstetten G Opponitz
18%
1.926 Amstetten M Oed-Oehling
16%
923 Waidhofen an der Thaya G Pfaffenschlag bei Waidhofen an der Thaya
14%
3.576 Baden M Pfaffstätten
14%
3.791 Krems-Land S Gföhl
12%
3.552 St. Pölten-Land M Pyhra
6%
1.986 Melk M Yspertal
5%
1.152 Mistelbach M Gnadendorf
4%
Keine übereinstimmenden Quizze gefunden
Verteilung der Resultate
Anzahl Personen mit jedem Resultat
Perzentil nach korrekt beantworteten Fragen
Ihre Resultats-Entwicklung
Sie haben dieses Quiz noch nicht gespielt